000 00309nam a2200133Ia 4500
008 150201s2008 xx 000 0 und d
082 _a615
_bP08P
100 _aPANDA,UN
245 _aHAND BOOK OF PHARMACOLOGY
250 _a1ST
260 _bAITBS
_aDELHI
_c2008
650 _aPHARMACOLOGY
942 _2ddc
_cBK
_019
999 _c727
_d727